[Event "Belgrade-chT Quality"]
[Site "Belgrade"]
[Date "2021.11.14"]
[Round "10.2"]
[White "Certic, Branimir"]
[Black "Popadic, Dragan B"]
[Result "1/2-1/2"]
[WhiteElo "2342"]
[BlackElo "2089"]
[PlyCount "104"]
[EventDate "2021.10.16"]
[EventType "team-tourn"]
[EventRounds "11"]
[EventCountry "SRB"]
[SourceTitle "EXT 2023"]
[Source "ChessBase"]
[SourceDate "2022.10.05"]
[SourceVersion "1"]
[SourceVersionDate "2022.10.05"]
[SourceQuality "1"]
[WhiteTeam "Belgrade Vodovod"]
[BlackTeam "Belgrade Novi"]
[WhiteTeamCountry "SRB"]
[BlackTeamCountry "SRB"]

1. e4 e5 2. Nc3 Nf6 3. g3 d5 4. exd5 Nxd5 5. Bg2 Nxc3 6. bxc3 Bd6 7. Rb1 c6 8. Ne2 0-0 9. 0-0 Qc7 10. d3 Be6 11. c4 Nd7 12. Be3 Rad8 13. Qc1 Bc5 14. Bxc5 Nxc5 15. Qe3 b6 16. Nc3 Rfe8 17. Rbe1 f6 18. f4 exf4 19. Qxf4 Qxf4 20. gxf4 Bd7 21. d4 Rxe1 22. Rxe1 Ne6 23. Ne2 Re8 24. Kf2 Nd8 25. Rd1 Bf5 26. Rd2 Kf7 27. Ng3 Bd7 28. Ne4 Nb7 29. c5 Bh3 30. Bxh3 Rxe4 31. Bg2 Rxf4+ 32. Kg3 Rf5 33. Bxc6 Na5 34. Be4 Rg5+ 35. Kf4 bxc5 36. dxc5 Rxc5 37. Rd7+ Kf8 38. Bxh7 g5+ 39. Kg4 Nc6 40. Kh5 g4+ 41. Kh4 f5 42. Rc7 Rxc2 43. Bxf5 Rxh2+ 44. Kg3 Rh6 45. Kxg4 Nb4 46. a3 Nd5 47. Rxa7 Ne3+ 48. Kg5 Nxf5 49. Kxf5 Ke8 50. Rc7 Kd8 51. Rc4 Kd7 52. a4 Rc6 1/2-1/2

[Event "Belgrade-chT Premier"]
[Site "Belgrade"]
[Date "2017.09.27"]
[Round "9.4"]
[White "Galiot, Goran"]
[Black "Certic, Branimir"]
[Result "1/2-1/2"]
[WhiteElo "2331"]
[BlackElo "2383"]
[PlyCount "21"]
[EventDate "2017.09.18"]
[EventType "team"]
[EventRounds "9"]
[EventCountry "SRB"]
[SourceTitle "EXT 2018"]
[Source "ChessBase"]
[SourceDate "2017.10.13"]
[SourceVersion "1"]
[SourceVersionDate "2017.10.13"]
[SourceQuality "1"]
[WhiteTeam "Grocka"]
[BlackTeam "Belgrade Vodovod"]
[WhiteTeamCountry "SRB"]
[BlackTeamCountry "SRB"]

1. d4 e6 2. c4 Bb4+ 3. Nc3 Ne7 4. Bd2 0-0 5. Nf3 d5 6. e3 Nd7 7. a3 Bxc3 8. Bxc3 a5 9. Be2 b6 10. 0-0 Bb7 11. c5 1/2-1/2

[Event "Belgrade-chT"]
[Site "Belgrade"]
[Date "2015.09.29"]
[Round "8.1"]
[White "Kostic, V Vladimir"]
[Black "Certic, Branimir"]
[Result "1/2-1/2"]
[WhiteElo "2268"]
[BlackElo "2390"]
[PlyCount "29"]
[EventDate "2015.09.21"]
[EventType "team-tourn"]
[EventRounds "9"]
[EventCountry "SRB"]
[SourceTitle "CBM 168 Extra"]
[Source "ChessBase"]
[SourceDate "2015.10.29"]
[SourceVersion "1"]
[SourceVersionDate "2015.10.29"]
[SourceQuality "1"]
[WhiteTeam "Romanticari"]
[BlackTeam "Belgrade Vodovod"]
[WhiteTeamCountry "SRB"]
[BlackTeamCountry "SRB"]

1. c4 e5 2. g3 Nf6 3. Bg2 Na6 4. Nc3 c6 5. Nf3 e4 6. Nd4 d5 7. cxd5 Bc5 8. Nb3 cxd5 9. 0-0 0-0 10. d3 Bf5 11. dxe4 Bxe4 12. Bxe4 dxe4 13. Qxd8 Raxd8 14. Nxc5 Nxc5 15. Be3 1/2-1/2

[Event "Belgrade-chT"]
[Site "Belgrade"]
[Date "2015.09.23"]
[Round "3.1"]
[White "Certic, Branimir"]
[Black "Vencl, Radivoje"]
[Result "1-0"]
[WhiteElo "2390"]
[BlackElo "2290"]
[PlyCount "81"]
[EventDate "2015.09.21"]
[EventType "team-tourn"]
[EventRounds "9"]
[EventCountry "SRB"]
[SourceTitle "CBM 168 Extra"]
[Source "ChessBase"]
[SourceDate "2015.10.29"]
[SourceVersion "1"]
[SourceVersionDate "2015.10.29"]
[SourceQuality "1"]
[WhiteTeam "Belgrade Vodovod"]
[BlackTeam "MZ Cirilo i Metodije"]
[WhiteTeamCountry "SRB"]
[BlackTeamCountry "SRB"]

1. Nf3 d5 2. b3 Nf6 3. Bb2 Bg4 4. e3 e6 5. h3 Bh5 6. d3 Nbd7 7. Nbd2 Bd6 8. Be2 Bxf3 9. Nxf3 c6 10. c4 Qa5+ 11. Nd2 Ba3 12. Qc1 Bxb2 13. Qxb2 0-0 14. 0-0 Rfd8 15. Rfc1 Qb4 16. a3 Qd6 17. b4 Ne5 18. c5 Qc7 19. f4 Ned7 20. d4 g6 21. b5 Rdb8 22. a4 Ne8 23. Ra3 f6 24. Rb3 Ng7 25. Rb1 e5 26. fxe5 fxe5 27. Bg4 Nf5 28. Rf1 cxb5 29. Bxf5 gxf5 30. Rxf5 bxa4 31. Rb4 Qc6 32. dxe5 Nf8 33. h4 Ne6 34. Rg4+ Kh8 35. Nf3 Rg8 36. Ng5 Rg6 37. Rf6 Re8 38. Nf7+ Kg7 39. Rgxg6+ hxg6 40. Qc2 Nf8 41. Rxc6 1-0

[Event "Belgrade Trophy 28th"]
[Site "Belgrade"]
[Date "2014.11.29"]
[Round "6"]
[White "Stosic, Slobodan"]
[Black "Certic, Branimir"]
[Result "0-1"]
[WhiteElo "2161"]
[BlackElo "2392"]
[PlyCount "114"]
[EventDate "2014.11.24"]
[EventType "swiss"]
[EventRounds "9"]
[EventCountry "SRB"]
[SourceTitle "CBM 163 Extra"]
[Source "ChessBase"]
[SourceDate "2014.12.23"]
[SourceVersion "1"]
[SourceVersionDate "2014.12.23"]
[SourceQuality "1"]

1. d4 e6 2. Nf3 f5 3. c4 Nf6 4. Nc3 Bb4 5. Qb3 Qe7 6. a3 Bxc3+ 7. Qxc3 0-0 8. b4 Ne4 9. Qb3 a5 10. b5 a4 11. Qb4 d6 12. e3 c5 13. Qb2 Nd7 14. Bd3 Ndf6 15. Qc2 b6 16. Bb2 Bb7 17. 0-0 Qf7 18. Ne1 cxd4 19. exd4 Qc7 20. f3 Ng5 21. Rc1 Nh5 22. Qd2 h6 23. Bb1 Rae8 24. h4 Nh7 25. Qf2 Qd8 26. Nd3 g5 27. hxg5 hxg5 28. g3 g4 29. f4 Be4 30. Qh2 N7f6 31. Nf2 Bxb1 32. Rxb1 Rf7 33. Rfe1 Rh7 34. Qg2 d5 35. c5 Ne4 36. Nxe4 dxe4 37. Re3 Nf6 38. d5 Nxd5 39. Rxe4 fxe4 40. Qxe4 Rh6 41. Rd1 Qe7 42. f5 Qxc5+ 43. Bd4 Qc7 44. Be5 Qf7 45. Qxg4+ Kh7 46. Qe4 Qxf5 47. Qxf5+ exf5 48. Rxd5 Rhe6 49. Bf4 Kg6 50. Kf2 Rc8 51. Rd4 Rc2+ 52. Kf1 Ree2 53. Rd6+ Kh5 54. Rxb6 Rf2+ 55. Ke1 Rce2+ 56. Kd1 Ra2 57. Ke1 Kg4 0-1

[Event "Belgrade Trophy 28th"]
[Site "Belgrade"]
[Date "2014.11.28"]
[Round "5"]
[White "Certic, Branimir"]
[Black "Maric, Dragan"]
[Result "0-1"]
[WhiteElo "2392"]
[BlackElo "2229"]
[PlyCount "121"]
[EventDate "2014.11.24"]
[EventType "swiss"]
[EventRounds "9"]
[EventCountry "SRB"]
[SourceTitle "CBM 163 Extra"]
[Source "ChessBase"]
[SourceDate "2014.12.23"]
[SourceVersion "1"]
[SourceVersionDate "2014.12.23"]
[SourceQuality "1"]

1. e4 e5 2. Nc3 Nf6 3. g3 Bc5 4. Bg2 0-0 5. d3 d6 6. Be3 Bb6 7. h3 c6 8. d4 Nbd7 9. Nge2 Re8 10. 0-0 exd4 11. Bxd4 Nc5 12. f3 Ne6 13. Bf2 Bxf2+ 14. Rxf2 Qb6 15. b3 Rd8 16. Qd2 d5 17. e5 Nd7 18. f4 f5 19. g4 g6 20. gxf5 gxf5 21. Na4 Qc7 22. Ng3 Ng7 23. Kh2 Nf8 24. Rg1 Ng6 25. Bf3 Qe7 26. Nh5 Qh4 27. Nxg7 Kxg7 28. Rg5 h6 29. Rg3 Kh7 30. Bd1 b6 31. Nb2 Be6 32. Nd3 c5 33. Ne1 d4 34. Ng2 Qe7 35. Bh5 Rg8 36. Qd3 Rg7 37. Rxg6 Rxg6 38. Bxg6+ Kxg6 39. Qg3+ Kh7 40. Qf3 Rd8 41. Qh5 Qf7 42. Qxf7+ Bxf7 43. Nh4 Be6 44. Rg2 Bd5 45. Rg6 Be4 46. Rd6 Re8 47. Rd7+ Kg8 48. Ng6 Bxc2 49. Kg3 Re6 50. Ne7+ Kf8 51. Nd5 d3 52. Ne3 Ke8 53. Rd5 Rc6 54. Kf2 b5 55. Nxf5 Ra6 56. Ke3 Rxa2 57. Rxc5 Bxb3 58. Nd6+ Kd7 59. Kxd3 b4 60. Nb7 Be6 61. Ke4 0-1

[Event "Belgrade Trophy 28th"]
[Site "Belgrade"]
[Date "2014.11.27"]
[Round "4"]
[White "Pantovic, Dragan M"]
[Black "Certic, Branimir"]
[Result "0-1"]
[WhiteElo "2186"]
[BlackElo "2392"]
[PlyCount "128"]
[EventDate "2014.11.24"]
[EventType "swiss"]
[EventRounds "9"]
[EventCountry "SRB"]
[SourceTitle "CBM 163 Extra"]
[Source "ChessBase"]
[SourceDate "2014.12.23"]
[SourceVersion "1"]
[SourceVersionDate "2014.12.23"]
[SourceQuality "1"]

1. Nf3 d5 2. d4 e6 3. c4 Nd7 4. Qc2 Ngf6 5. g3 Bb4+ 6. Bd2 a5 7. Bg2 0-0 8. 0-0 c6 9. Bf4 a4 10. Nbd2 Qa5 11. a3 Be7 12. e4 Nxe4 13. Nxe4 dxe4 14. Qxe4 Nf6 15. Qc2 c5 16. Bd2 Qc7 17. dxc5 Rd8 18. Rad1 Bxc5 19. Bf4 Qb6 20. Rxd8+ Qxd8 21. Rd1 Qb6 22. Be5 Ng4 23. Bd4 Bxd4 24. Rxd4 Nf6 25. Qd3 Bd7 26. Ne5 Be8 27. Qc3 Rc8 28. Ng4 Nd7 29. Ne3 Nc5 30. Rg4 g6 31. Rd4 f5 32. h4 Qc7 33. Rd1 Qg7 34. Qb4 Qe5 35. Qb6 Qc7 36. Qb4 h6 37. Qd2 Kh7 38. Qc3 Qg7 39. Qd2 Bc6 40. Bxc6 Rxc6 41. Qb4 Qf6 42. Nc2 Qe5 43. Rd8 Qc7 44. Qd2 Qe7 45. Nb4 Rc7 46. Qd6 Qxd6 47. Rxd6 Kg7 48. Nd3 Rd7 49. Rxd7+ Nxd7 50. Kf1 e5 51. Ke2 Kf6 52. Kd2 e4 53. Nf4 g5 54. hxg5+ hxg5 55. Nd5+ Ke5 56. Kc3 Nc5 57. Kd2 Nd3 58. Ke3 Nxb2 59. Nb6 f4+ 60. gxf4+ gxf4+ 61. Kd2 Kd4 62. Kc2 e3 63. fxe3+ fxe3 64. c5 Nc4 0-1

[Event "Belgrade-chT"]
[Site "Belgrade"]
[Date "2014.09.24"]
[Round "5.5"]
[White "Dobrijevic, Milan"]
[Black "Certic, Branimir"]
[Result "1/2-1/2"]
[WhiteElo "2263"]
[BlackElo "2388"]
[PlyCount "64"]
[EventDate "2014.09.20"]
[EventType "team-tourn"]
[EventRounds "11"]
[EventCountry "SRB"]
[SourceTitle "CBM 162 Extra"]
[Source "ChessBase"]
[SourceDate "2014.10.17"]
[SourceVersion "1"]
[SourceVersionDate "2014.10.17"]
[SourceQuality "1"]
[WhiteTeam "Belgrade PTT"]
[BlackTeam "Belgrade Vodovod"]
[WhiteTeamCountry "SRB"]
[BlackTeamCountry "SRB"]

1. e4 e6 2. Nc3 d5 3. Nf3 Be7 4. h3 dxe4 5. Nxe4 Nf6 6. Nxf6+ Bxf6 7. d4 c5 8. Bb5+ Nc6 9. c3 cxd4 10. Nxd4 Qd5 11. 0-0 0-0 12. Bxc6 bxc6 13. Qf3 Qxf3 14. Nxf3 Rb8 15. Re1 Rd8 16. Ne5 Bxe5 17. Rxe5 Rd1+ 18. Kh2 Rb5 19. Re2 f6 20. b3 Re5 21. Rxe5 fxe5 22. Kg3 c5 23. Bb2 Rd3+ 24. Kh2 Bb7 25. Kg1 e4 26. Re1 Rd2 27. Ba3 c4 28. bxc4 Rxa2 29. Bc5 a5 30. Rd1 Ba6 31. Rd8+ Kf7 32. Rd7+ Kg6 1/2-1/2

[Event "Belgrade-chT"]
[Site "Belgrade"]
[Date "2014.09.20"]
[Round "1.6"]
[White "Certic, Branimir"]
[Black "Andrejic, Vladica"]
[Result "1/2-1/2"]
[WhiteElo "2388"]
[BlackElo "2224"]
[PlyCount "20"]
[EventDate "2014.09.20"]
[EventType "team-tourn"]
[EventRounds "11"]
[EventCountry "SRB"]
[SourceTitle "CBM 162 Extra"]
[Source "ChessBase"]
[SourceDate "2014.10.17"]
[SourceVersion "1"]
[SourceVersionDate "2014.10.17"]
[SourceQuality "1"]
[WhiteTeam "Belgrade Vodovod"]
[BlackTeam "Romanticari"]
[WhiteTeamCountry "SRB"]
[BlackTeamCountry "SRB"]

1. e4 c5 2. Nf3 e6 3. b3 a6 4. Bd3 Nc6 5. 0-0 d6 6. Re1 e5 7. h3 g6 8. Bc4 Bg7 9. d3 Nge7 10. a4 Rb8 1/2-1/2

[Event "Belgrade-ch"]
[Site "Belgrade"]
[Date "2014.01.28"]
[Round "6"]
[White "Certic, Branimir"]
[Black "Jovanovic, Aleksandar D"]
[Result "1-0"]
[WhiteElo "2394"]
[BlackElo "2227"]
[PlyCount "75"]
[EventDate "2014.01.23"]
[EventType "swiss"]
[EventRounds "9"]
[EventCountry "SRB"]
[SourceTitle "CBM 158 Extra"]
[Source "ChessBase"]
[SourceDate "2014.02.28"]
[SourceVersion "1"]
[SourceVersionDate "2014.02.28"]
[SourceQuality "1"]

1. b3 e5 2. Bb2 d6 3. e3 f5 4. d4 exd4 5. Qxd4 Nf6 6. Nf3 Be7 7. Nc3 Nc6 8. Bb5 a6 9. Bxc6+ bxc6 10. Qa4 Bd7 11. Nd4 Qc8 12. Nde2 0-0 13. 0-0 d5 14. Ba3 c5 15. Qa5 Bb5 16. Rfe1 c6 17. Na4 Bd8 18. Qd2 Ne4 19. Qc1 Bxa4 20. bxa4 Ba5 21. c3 Bb6 22. Rb1 Qc7 23. c4 Rf6 24. Rd1 Rh6 25. h3 Rd8 26. f3 Nf6 27. Qc2 Re8 28. Rb3 Rh4 29. Qb1 Qe7 30. Nd4 Bc7 31. Nxf5 Qe5 32. f4 Rxf4 33. exf4 Qxf4 34. Ng3 Re3 35. Nf1 d4 36. Bc1 Ne4 37. Bxe3 dxe3 38. Rxe3 1-0

[Event "Belgrade-ch"]
[Site "Belgrade"]
[Date "2014.01.25"]
[Round "3"]
[White "Popovic, Aleksandar M"]
[Black "Certic, Branimir"]
[Result "1/2-1/2"]
[WhiteElo "2304"]
[BlackElo "2394"]
[PlyCount "31"]
[EventDate "2014.01.23"]
[EventType "swiss"]
[EventRounds "9"]
[EventCountry "SRB"]
[SourceTitle "CBM 158 Extra"]
[Source "ChessBase"]
[SourceDate "2014.02.28"]
[SourceVersion "1"]
[SourceVersionDate "2014.02.28"]
[SourceQuality "1"]

1. Nf3 d5 2. g3 c6 3. Bg2 Nf6 4. 0-0 Bf5 5. Nh4 Bd7 6. d4 Qc8 7. Re1 Bh3 8. Bh1 e6 9. c4 Bb4 10. Bd2 Bxd2 11. Nxd2 0-0 12. e4 dxe4 13. Nxe4 Nbd7 14. Rc1 Nxe4 15. Bxe4 Nf6 16. Bg2 1/2-1/2

[Event "Belgrade-chT"]
[Site "Belgrade"]
[Date "2013.10.19"]
[Round "8.3"]
[White "Andrijevic, Milan"]
[Black "Certic, Branimir"]
[Result "1/2-1/2"]
[WhiteElo "2321"]
[BlackElo "2404"]
[PlyCount "81"]
[EventDate "2013.10.12"]
[EventType "team-tourn"]
[EventRounds "11"]
[EventCountry "SRB"]
[SourceTitle "EXT 2014"]
[Source "ChessBase"]
[SourceDate "2013.11.20"]
[SourceVersion "1"]
[SourceVersionDate "2013.11.20"]
[SourceQuality "1"]
[WhiteTeam "Romanticari"]
[BlackTeam "Belgrade Vodovod"]
[WhiteTeamCountry "SRB"]
[BlackTeamCountry "SRB"]

1. e4 e6 2. Nf3 d5 3. exd5 exd5 4. d4 Nc6 5. c4 Bb4+ 6. Bd2 Bxd2+ 7. Qxd2 Nge7 8. cxd5 Nxd5 9. Nc3 0-0 10. Be2 Be6 11. 0-0 Qf6 12. Ne4 Qf4 13. Qxf4 Nxf4 14. Bb5 Bd5 15. Ned2 Rad8 16. Rfc1 Rfe8 17. Kf1 a6 18. Bxc6 Bxc6 19. a4 f6 20. Rc4 Re7 21. b3 Bd5 22. Rc3 Red7 23. Rac1 Ne6 24. Re1 a5 25. Rce3 Kf7 26. Nc4 b6 27. Ncd2 g5 28. g4 Nf4 29. Ne4 Bb7 30. Kg1 h5 31. gxh5 g4 32. Nh4 Rxd4 33. Ng3 Rd2 34. Ngf5 R8d7 35. Nh6+ Kf8 36. Re8+ Kg7 37. N4f5+ Kh7 38. R1e7+ Rxe7 39. Rxe7+ Kh8 40. Re8+ Kh7 41. Re7+ 1/2-1/2

[Event "Belgrade-chT"]
[Site "Belgrade"]
[Date "2013.10.15"]
[Round "4.1"]
[White "Nabaty, Tamir"]
[Black "Certic, Branimir"]
[Result "1-0"]
[WhiteElo "2579"]
[BlackElo "2404"]
[PlyCount "107"]
[EventDate "2013.10.12"]
[EventType "team-tourn"]
[EventRounds "11"]
[EventCountry "SRB"]
[SourceTitle "EXT 2014"]
[Source "ChessBase"]
[SourceDate "2013.11.20"]
[SourceVersion "1"]
[SourceVersionDate "2013.11.20"]
[SourceQuality "1"]
[WhiteTeam "Crvena Zvezda"]
[BlackTeam "Belgrade Vodovod"]
[WhiteTeamCountry "SRB"]
[BlackTeamCountry "SRB"]

1. e4 e6 2. d4 d5 3. Nc3 dxe4 4. Nxe4 Bd7 5. Bd3 Nf6 6. Nxf6+ gxf6 7. Qh5 Bc6 8. Ne2 Qd5 9. Qxd5 Bxd5 10. Nf4 Bc6 11. f3 Be7 12. Kf2 0-0 13. Be3 Rd8 14. g4 Nd7 15. Rad1 Nb6 16. c4 e5 17. Nh5 exd4 18. Bf4 Na4 19. Rd2 Nc5 20. Bf5 Ne6 21. Bh6 Bd7 22. Re2 a5 23. h4 a4 24. g5 fxg5 25. hxg5 Ra5 26. Bd3 Re8 27. Nf6+ Bxf6 28. gxf6 Nf8 29. Rxe8 Bxe8 30. Bxf8 Kxf8 31. Rxh7 Rg5 32. Rh8+ Rg8 33. Rxg8+ Kxg8 34. Kg3 c5 35. Kf4 Bc6 36. Ke5 Bxf3 37. Kd6 b6 38. Kc7 Bh5 39. Kxb6 Bg6 40. Be2 Bc2 41. Kxc5 d3 42. Bf3 d2 43. Kd6 Kh7 44. c5 Kg6 45. Ke5 a3 46. bxa3 Ba4 47. Kd6 Kxf6 48. c6 d1Q+ 49. Bxd1 Bxd1 50. a4 Kg5 51. a5 Be2 52. c7 Ba6 53. Kc6 f5 54. Kb6 1-0

[Event "Belgrade-chT"]
[Site "Belgrade"]
[Date "2013.10.13"]
[Round "2.2"]
[White "Certic, Branimir"]
[Black "Indjic, Aleksandar"]
[Result "0-1"]
[WhiteElo "2404"]
[BlackElo "2540"]
[PlyCount "98"]
[EventDate "2013.10.12"]
[EventType "team-tourn"]
[EventRounds "11"]
[EventCountry "SRB"]
[SourceTitle "EXT 2014"]
[Source "ChessBase"]
[SourceDate "2013.11.20"]
[SourceVersion "1"]
[SourceVersionDate "2013.11.20"]
[SourceQuality "1"]
[WhiteTeam "Belgrade Vodovod"]
[BlackTeam "Itaka"]
[WhiteTeamCountry "SRB"]
[BlackTeamCountry "SRB"]

1. e4 g6 2. Nc3 Bg7 3. Nf3 c5 4. h3 d6 5. Bb5+ Nd7 6. d3 a6 7. Bxd7+ Bxd7 8. Be3 e5 9. Qd2 h6 10. g4 Ne7 11. Rg1 b5 12. Ne2 Nc6 13. c3 Qf6 14. Rg3 Qe7 15. h4 f5 16. gxf5 gxf5 17. exf5 Bxf5 18. h5 0-0-0 19. 0-0-0 e4 20. Nh4 Qxh4 21. Rxg7 Qf6 22. Rdg1 exd3 23. Nf4 Rh7 24. R7g6 Qf7 25. Kb1 Ne5 26. R6g3 Be4 27. Ka1 Qf5 28. Qd1 Kb7 29. Qf1 Nf3 30. Rxf3 Bxf3 31. Nxd3 Qxh5 32. Nf4 Qf5 33. Rg3 Bc6 34. Qg1 Rf7 35. Qh2 Qe4 36. Rg1 Rdf8 37. Qxh6 Rxf4 38. Qxd6 Qxe3 39. fxe3 Rf1+ 40. Qd1 Rxd1+ 41. Rxd1 Be4 42. b4 Rf3 43. Rd7+ Kc6 44. Ra7 cxb4 45. cxb4 Kd5 46. Rxa6 Kc4 47. Kb2 Kxb4 48. Rd6 Rf2+ 49. Kc1 Kc3 0-1

[Event "Belgrade-ch"]
[Site "Belgrade"]
[Date "2013.01.27"]
[Round "5"]
[White "Certic, Branimir"]
[Black "Kuzmanovic, Slobodan"]
[Result "1/2-1/2"]
[WhiteElo "2401"]
[BlackElo "2188"]
[PlyCount "144"]
[EventDate "2013.01.23"]
[EventType "swiss"]
[EventRounds "9"]
[EventCountry "SRB"]
[SourceTitle "CBM 152 Extra"]
[Source "ChessBase"]
[SourceDate "2013.02.25"]
[SourceVersion "1"]
[SourceVersionDate "2013.02.25"]
[SourceQuality "1"]

1. e4 e5 2. Nf3 Nc6 3. d4 exd4 4. Bc4 Nf6 5. e5 d5 6. Bb5 Ne4 7. Nxd4 Bc5 8. Be3 Bd7 9. Bxc6 bxc6 10. Nd2 Qe7 11. Nxe4 dxe4 12. e6 fxe6 13. Nxc6 Bxc6 14. Qh5+ g6 15. Qxc5 Qxc5 16. Bxc5 Kf7 17. 0-0-0 e5 18. Rhe1 Rhd8 19. Rxd8 Rxd8 20. Re3 a5 21. Rc3 Ke6 22. Ba3 Kd7 23. b3 a4 24. Rh3 h5 25. Rg3 axb3 26. axb3 e3 27. Rxe3 Bxg2 28. Rd3+ Kc8 29. Rg3 Be4 30. Re3 Bf5 31. Rxe5 Rd4 32. Re8+ Kd7 33. Re7+ Kd8 34. Rg7 Re4 35. Kd2 Rd4+ 36. Kc3 Re4 37. Kd2 Rd4+ 38. Ke3 Rd5 39. c4 Rd3+ 40. Kf4 Rxb3 41. Be7+ Kc8 42. c5 Rc3 43. Ke5 Rc2 44. h4 Re2+ 45. Kd4 Rd2+ 46. Ke5 Re2+ 47. Kd5 Rd2+ 48. Kc4 Rc2+ 49. Kb3 Rc1 50. f3 Rb1+ 51. Kc4 Rc1+ 52. Kb5 Bd7+ 53. Kb4 Bc6 54. f4 Be4 55. Bf6 c6 56. Bc3 Bd3 57. Kb3 Kd8 58. Bf6+ Kc8 59. Kb4 Rc4+ 60. Ka5 Be4 61. Be7 Kd7 62. Bd6+ Ke6 63. Kb6 Kf5 64. Rf7+ Kg4 65. Be7 Bd5 66. Rf6 Rxf4 67. Rxg6+ Kf5 68. Rf6+ Ke5 69. Rh6 Rb4+ 70. Kc7 Bf3 71. Rf6 Rf4 72. Rg6 Ra4 1/2-1/2